Ciencia jurídica española
Guardat en:
| Autor principal: | |
|---|---|
| Format: | Llibre |
| Idioma: | espanyol |
| Publicat: |
Granada
Imprenta de Francisco Román
1982
|
| Matèries: | |
| Etiquetes: |
Afegir etiqueta
Sense etiquetes, Sigues el primer a etiquetar aquest registre!
|
MARC
| LEADER | 00000nam a2200000 a 4500 | ||
|---|---|---|---|
| 001 | UCR2546 | ||
| 003 | CL-VaPUC | ||
| 008 | 980112e19820000SP |||||||||||||||||spa|d | ||
| 082 | 0 | 4 | |a 349.46 |b GIB |2 21 |
| 100 | |a Gibert, Rafael |e author |9 400461 | ||
| 245 | 1 | 0 | |a Ciencia jurídica española |
| 300 | |a 78 p | ||
| 942 | |c BK | ||
| 945 | |d 19980112 00:00:00 |a crobeson | ||
| 260 | |a Granada |b Imprenta de Francisco Román |c 1982 | ||
| 650 | 0 | |a Derecho español |9 255291 | |
| 650 | 7 | |a CIENCIA JURIDICA |2 CL-VaPUC |9 400462 | |
| 650 | 0 | |a Historia del derecho |9 255109 | |
| 651 | 0 | |a España |9 254926 | |
| 583 | |a last modification |c 19980112 00:00:00 |k Rodrigo Vera | ||
| 999 | |c 265680 |d 265678 | ||
| 952 | |0 0 |1 0 |4 0 |6 349_460000000000000_GIB_1982 |7 0 |8 DER_HIS |9 296697 |a BIBDER |b BIBDER |d 2019-11-20 |i 1924575 |o 349.46 GIB 1982 |p 1924575 |r 2023-01-25 |w 2019-11-20 |x Ubicación 4to Piso |y BK |z Estos recursos deben solicitarse con anticipación |k DER | ||